Diccionario de personajes históricos griegos y romanos
Sparad:
| Huvudupphovsmän: | , |
|---|---|
| Övriga upphovsmän: | |
| Materialtyp: | Bok |
| Språk: | spanska |
| Publicerad: |
Madrid, España
Akal
2008
|
| Upplaga: | Segunda edición |
| Serie: | Akal/Istmo Básica de Bolsillo,
170 |
| Ämnen: | |
| Taggar: |
Lägg till en tagg
Inga taggar, Lägg till första taggen!
|
MARC
| LEADER | 00000nam a2200000 a 4500 | ||
|---|---|---|---|
| 001 | UCH5670 | ||
| 003 | CL-VaPUC | ||
| 005 | 20220307130234.0 | ||
| 008 | 091015e20080000SP |||||||||||||||||spa|d | ||
| 999 | |c 336772 |d 336770 | ||
| 020 | |a 9788446029861 | ||
| 040 | |c Pontificia Universidad Católica de Valparaíso | ||
| 082 | 0 | 4 | |a 928.7303 MAR 2008 |2 21 |
| 100 | |a Martínez-Pinna Nieto, Jorge |e autor |9 597923 | ||
| 245 | 1 | 0 | |a Diccionario de personajes históricos griegos y romanos |
| 250 | |a Segunda edición | ||
| 260 | |a Madrid, España |b Akal |c 2008 | ||
| 300 | |a 430 páginas | ||
| 490 | 0 | |a Akal/Istmo Básica de Bolsillo, |v 170 | |
| 583 | |a last modification |c 20091015 00:00:00 |k Rodrigo Vera | ||
| 650 | 7 | |a BIOGRAFIAS |2 CL-VaPUC |9 541983 | |
| 650 | 0 | |a Historia antigua |z ROMA |z GRECIA |9 267521 | |
| 700 | |a Montero Herrero, Santiago |e autor |9 597871 | ||
| 700 | 0 | |a Gómez-Pantoja, Joaquín |e author |9 541982 | |
| 852 | |a BIBCUR | ||
| 942 | |c BK |2 ddc | ||
| 945 | |d 20091015 00:00:00 |a rbrito | ||
| 952 | |0 0 |1 0 |2 ddc |4 0 |6 928_730300000000000_MAR_2008 |7 0 |8 X |9 428697 |a BIBHIS |b BIBHIS |d 2019-11-22 |i 4606124 |l 2 |o 928.7303 MAR 2008 |p 4606124 |r 2024-10-22 |s 2024-10-22 |t 1 |w 2019-11-22 |y BK_X |k HIS | ||